Can you type a Welsh station name in 30 seconds? Quiz Stats

 Plays Quiz not verified by Sporcle

Also try: Countries With 'C'
Challenge
Share
Tweet
Embed
Score 0/58 Timer 00:30
0 Plays Today
Quick Fingers % Correct
L
98.9%
l
95.7%
a
93.5%
n
93.5%
a
92.4%
l
92.4%
l
92.4%
f
91.3%
p
91.3%
i
90.2%
r
90.2%
w
88%
g
87%
w
87%
n
85.9%
y
83.7%
g
81.5%
l
81.5%
l
81.5%
y
77.2%
g
75%
r
75%
g
73.9%
o
72.8%
y
70.7%
c
70.7%
e
68.5%
w
68.5%
r
68.5%
Quick Fingers % Correct
n
67.4%
h
66.3%
y
66.3%
r
65.2%
l
62%
o
59.8%
l
59.8%
l
59.8%
l
59.8%
w
58.7%
a
57.6%
n
57.6%
l
56.5%
i
53.3%
i
53.3%
d
52.2%
g
52.2%
o
51.1%
o
51.1%
g
51.1%
g
51.1%
y
50%
o
50%
o
50%
c
48.9%
h
45.7%
b
44.6%
t
40.2%
s
39.1%

You're not logged in!

Compare scores with friends on all Sporcle quizzes.
Join for Free
OR
Log In

You Might Also Like...

Show Comments

Extras

Top Quizzes Today


Score Distribution

Your Account Isn't Verified!

In order to create a playlist on Sporcle, you need to verify the email address you used during registration. Go to your Sporcle Settings to finish the process.

Report this User

Report this user for behavior that violates our Community Guidelines.

Details: